| 000 | 00907nam a2200289 i 4500 | ||
|---|---|---|---|
| 001 | 67353 | ||
| 003 | ES-MaACL | ||
| 005 | 20230906170042.0 | ||
| 007 | t| | ||
| 008 | 040520s2003 sp ||||0| spa d | ||
| 020 | _a84-397-0977-3 | ||
| 040 |
_aM-BN _bspa _cM-BN |
||
| 080 | _a94(430)"1871/1918" | ||
| 100 | 1 |
_aStürmer, Michael. _9108517 |
|
| 245 | 1 | 3 |
_aEl imperio alemán / _cMichael Stürmer ; traducción de Lluís Miralles de Imperial. |
| 250 | _a1ª ed. | ||
| 260 |
_aBarcelona : _bMondadori, _c2003. |
||
| 300 |
_a251 p. : _bmapas ; _c20 cm. |
||
| 490 | 1 | _aBreve historia universal | |
| 504 | _aBibliografía: p. [241]-243. Indice. | ||
| 651 | 4 |
_aAlemania- _xHistoria- _y1871-1918. _97660 |
|
| 700 | 1 |
_aMiralles de Imperial Llobet, Lluís. _981498 |
|
| 830 | 0 |
_aBreve historia universal _9180650 |
|
| 852 |
_aES-MaACL _jL-27594 _bR.133095 |
||
| 999 |
_c67353 _d67353 |
||